Siempre el mismo día /

Bewaard in:
Bibliografische gegevens
Hoofdauteur: Nicholls, David (autor)
Formaat: Boek
Taal:Spaans
Gepubliceerd in: México : Océano, 2010, c2010
Reeks:(Océano Exprés)
Onderwerpen:
Tags: Voeg label toe
Geen labels, Wees de eerste die dit record labelt!

MARC

LEADER 00000nam^a2200000^a^4500
001 000360958
005 20250521000000.0
009 20260310115439.232
020 |a 978-607-400-573-8 
037 |a Acervo ITESO - Biblioteca 
041 |a ESP 
082 |a 823.  |b NIC 
100 |a Nicholls, David  |e (autor) 
245 1 0 |a Siempre el mismo día /  |c D. Nicholls ; tr. por Jofre Homedes Beutnagel. 
264 4 |a México :  |b Océano,  |c 2010, c2010 
300 |a 479 p. 
336 |a texto  |b txt  |2 rdacontenido 
337 |a sin mediación  |b n  |2 rdamedio 
338 |a volumen  |b nc  |2 rdasoporte 
440 1 |a (Océano Exprés) 
500 |a Traducción de: One Day 
649 |a XX 
650 |a Novela Inglesa 
650 |a Literatura Inglesa -  |y Siglo XXI 
910 |a Fondo General 
920 |a Impresos - Libros 
930 |a Colección General 
940 |a Literatura 
905 |a 101 
901 |a 0500254206  |b IT1  |c LIT  |d EA  |i D73350  |u 20250521 
902 |a https://opac.biblio.iteso.mx/vufind/Record/000360958